| 000 | 00603nam a22002057a 4500 | ||
|---|---|---|---|
| 001 | 00028663 | ||
| 005 | 20260328091315.0 | ||
| 008 | 260328b ag ||||| |||| 00| 0 spa d | ||
| 020 | _a8475309615 | ||
| 040 |
_aAR-CcCEOS _bspa _cAR-CcCEOS |
||
| 041 | _aspa | ||
| 080 | _a840-3 | ||
| 090 | _bSIM | ||
| 100 | 1 |
_aSimenon, Georges, _d1903-1989 _9985 |
|
| 245 |
_aMaigret en vichy : La taberna de los dos centavos : La muerte del seƱor Gallet / _cGeorges Simenon |
||
| 264 |
_aBarcelona : _bOrbis, _cc1968. |
||
| 300 |
_a345 p. ; _c20x12 cm. |
||
| 655 | 0 |
_aliteratura _919 _vnovela |
|
| 942 |
_2udc _cBK _n0 |
||
| 999 |
_c28696 _d28696 |
||